Auf dem Wege zum RGW <die> ökonomische Hilfe der UdSSR für die volksdemokratischen Länder Europas und Entwicklunihrer ökonomischen Zusammenarbeit von 1944/45 bis Anfang der fünfziger Jahr

Saved in:
Bibliographic Details
Main Author: Buchta, Bruno
Format: Book
Language:German
Published: Berlin Deutscher Verlag der Wissenschaften 1979
Tags: Add Tag
No Tags, Be the first to tag this record!

MARC

LEADER 00000nam a2200000 4500
001 0223085
005 20240822101703.1
041 0 |a ger 
044 |a DE 
245 1 0 |a Auf dem Wege zum RGW  |b <die> ökonomische Hilfe der UdSSR für die volksdemokratischen Länder Europas und Entwicklunihrer ökonomischen Zusammenarbeit von 1944/45 bis Anfang der fünfziger Jahr  |c Bruno Buchta 
264 1 |a Berlin  |b Deutscher Verlag der Wissenschaften  |c 1979 
300 |a 191 s. 
100 1 |a Buchta, Bruno